000
00276nam a2200109Ia 4500
008
230320s9999||||xx |||||||||||||| ||spa||
082
_a
182/E53
100
_a
Empedocles
245
0
_a
Sobre La Naturaleza De Los Seres : Las Purificaciones
260
_b
Aguilar
942
_8
0
_c
LIB
999
_c
26100
_d
26100